• 首页
  • 本馆介绍
  • 公告通知
  • 最新文献
  • 馆藏检索
  • 电子资源
  • 读者导购
  • 参考咨询
  • 我的图书馆
  • 登录
  • 详细信息显示
  • 放入我的书架
  • 预约/预借图书
  • 作者相关作品
  • 分类相关作品
  • 丛书相关作品
  • 出版社相关作品

书目信息

  • 表格格式
  • 工作单格式
  • 卡片格式
题名:
草坪建植与养护
    
 
作者: 裴宝红 , 汤舂梅 主编
分册:  
出版信息: 北京   中国城市出版社  2021.1
页数: 256页
开本: 26cm
丛书名:
单 册:
中图分类: S688.4
科图分类:
主题词: 草坪--观赏园艺--教材 , 草坪 , 观赏园艺
电子资源:
ISBN: 978-7-5074-2486-7
000 01019nam0 2200289 45
001 012001002134
005 20140913125804.0
010    @a978-7-5074-2486-7@dCNY35.00
096    @aS688@bpbh
100    @a20120417d2012 em y0chiy50 ea
101 0  @achi
102    @aCN@b110000
105    @aa z 000yy
106    @ar
200 1  @a草坪建植与养护@Acao ping jian zhi yu yang hu@b专著@f裴宝红,汤舂梅主编
210    @a北京@c中国城市出版社@d2021.1
215    @a256页@c图@d26cm
300    @a面向“十二五”城市园林工程与规划设计专业立项教材
330    @a本书设有绪论、草坪草的生物学基础、草坪草的分类及常见品种、草坪建植、草坪的养护与管理技术、草坪质量评价、草坪病虫草害及其防治、草坪的应用八个篇章,系统地介绍了草坪建植与养护技术以及草坪在生产中的应用。
606 0  @a草坪@x观赏园艺@j教材
606 0  @a草坪
606 0  @a观赏园艺
690    @aS688.4@v5
701  0 @a裴宝红@Apei bao hong@4主编
701  0 @a汤舂梅@Atang chong mei@4主编
801  0 @aCN@bBJSDL@c20211011
905    @b1338566-9@dS688.4@e678@f4
    
    草坪建植与养护/裴宝红,汤舂梅主编.-北京:中国城市出版社,2021.1
    256页:图;26cm
    面向“十二五”城市园林工程与规划设计专业立项教材
    
    ISBN 978-7-5074-2486-7:CNY35.00
    本书设有绪论、草坪草的生物学基础、草坪草的分类及常见品种、草坪建植、草坪的养护与管理技术、草坪质量评价、草坪病虫草害及其防治、草坪的应用八个篇章,系统地介绍了草坪建植与养护技术以及草坪在生产中的应用。
●
相关链接 在E读中查询图书 在五车中查询图书 在当当中查询图书 在豆瓣中查询图书


正题名:草坪建植与养护     索取号:S688.4/678         预约/预借

序号 登录号 条形码 馆藏地/架位号 状态 备注
1 1338566   213385665   第二样本阅览室/ [索取号:S688.4/678] 在馆    
2 1338567   213385674   第三借阅区/ [索取号:S688.4/678] 在馆    
3 1338568   213385683   第三借阅区/ [索取号:S688.4/678] 在馆    
4 1338569   213385692   第三借阅区/ [索取号:S688.4/678] 在馆    
唐山师范学院图书馆 欢迎您!
大连网信软件有限公司© 版权所有